| 000 | 00553nam a2200217Ia 4500 | ||
|---|---|---|---|
| 005 | 20230111110003.0 | ||
| 008 | 131103s9999 xx 000 0 und d | ||
| 020 | _a046001795 0 | ||
| 040 | _aLoreto College | ||
| 041 | _aEnglish | ||
| 082 |
_a821.4 _bMIL-BUR |
||
| 245 |
_aMilton's Prose Writing _cintroduction by K.M.Burton |
||
| 260 |
_aLondon _bDent _c1974 |
||
| 300 | _axv,367 p. | ||
| 504 | _aIncludes index | ||
| 650 | _aEnglish Poetry | ||
| 651 | _a17th Century Poet - Milton | ||
| 700 | _aBurton,K.M. | ||
| 850 | _aLCLIB | ||
| 942 | _cBK | ||
| 999 |
_c4842 _d55321 |
||